Botánica y biología : (Record no. 41868)

MARC details
000 -LEADER
campo de control de longitud fija 00468nam a2200169 i 4500
001 - NÚMERO DE CONTROL
campo de control 41868
003 - IDENTIFICADOR DE NÚMERO DE CONTROL
campo de control ES-MaACL
005 - FECHA Y HORA DE LA ÚLTIMA TRANSACCIÓN
campo de control 20230906160516.0
007 - CAMPO FIJO DE DESCRIPCIÓN FÍSICA--INFORMACIÓN GENERAL
campo de control de longitud fija t|
008 - DATOS DE LONGITUD FIJA--INFORMACIÓN GENERAL
campo de control de longitud fija 030312s1919 ve ||||1| spa d
080 ## - NÚMERO DE LA CLASIFICACIÓN DECIMAL UNIVERSAL
Número de la Clasificación Decimal Universal 58
080 ## - NÚMERO DE LA CLASIFICACIÓN DECIMAL UNIVERSAL
Número de la Clasificación Decimal Universal 57
100 1# - ENTRADA PRINCIPAL--NOMBRE DE PERSONA
Nombre de persona Carbonell, Diego.
9 (RLIN) 35036
245 10 - MENCIÓN DEL TÍTULO
Título Botánica y biología :
Resto del título lecciones expuestas a los cursantes del Liceo de Mérida /
Mención de responsabilidad, etc. Diego Carbonell.
260 ## - PUBLICACIÓN, DISTRIBUCIÓN, ETC.
Lugar de publicación, distribución, etc. Caracas :
Nombre del editor, distribuidor, etc. [s.n.,
Fecha de publicación, distribución, etc. 1919]
852 4# - LOCALIZACIÓN
Ubicación ES-MaACL
Número de control de estantería 1587-F-4
Holdings
Estatus retirado Estado de pérdida Estado de daño No para préstamo Colección Biblioteca de origen Biblioteca actual Ubicación en estantería Fecha de adquisición Fuente de adquisición Total de préstamos Signatura topográfica completa Código de barras Visto por última vez Precio de reemplazo Tipo de ítem Koha
        Colección de folletos Biblioteca del Ateneo de Madrid Biblioteca del Ateneo de Madrid Depósito folletos 17/01/2008     1587-F-4 1044073 23/02/2023 23/02/2023 Folleto